Is a significant drop in unemployment on the way? /

Bill Hampel, chief economist at the Credit Union National Association, talks with Bloomberg's Mark Crumpton about the January jobs report. They speak on Bloomberg Television's 'Bottom Line.'

Bibliographic Details
Corporate Author: Bloomberg News (Firm) (Producer)
Format: Video
Language:English
Language Notes:In English.
Published: New York : Bloomberg, 2013.
Series:Business and education in video
Subjects:
Online Access:Connect to this streaming video (Alexander Street Press)

MARC

Tag First Indicator Second Indicator Subfields
LEADER 00000cgm a2200000Ma 4500
001 in00005537113
006 m o c
007 cr |na---||a|a
007 vz |za|z|
008 140428s2013 nyu004 e o vueng d
005 20241201225610.3
035 |a (OCoLC)ocn890731386 
040 |a ALSTP  |b eng  |e pn  |c ALSTP  |d OCLCO  |d OCLCF  |d OCLCQ  |d OCLCO  |d OCLCA  |d OCLCQ  |d AU@  |d WYU  |d OCLCO  |d OCL  |d OCLCO  |d OCLCL 
035 |a (OCoLC)890731386 
050 4 |a HF 
049 |a TXAM 
245 0 0 |a Is a significant drop in unemployment on the way? /  |c produced by Bloomberg. 
260 |a New York :  |b Bloomberg,  |c 2013. 
300 |a 1 online resource (4 min.). 
306 |a 000422 
336 |a two-dimensional moving image  |b tdi  |2 rdacontent 
337 |a computer  |b c  |2 rdamedia 
338 |a online resource  |b cr  |2 rdacarrier 
490 0 |a Business and education in video 
500 |a Title from resource description page (viewed Apr. 28, 2014). 
520 |a Bill Hampel, chief economist at the Credit Union National Association, talks with Bloomberg's Mark Crumpton about the January jobs report. They speak on Bloomberg Television's 'Bottom Line.' 
546 |a In English. 
650 0 |a Economic indicators. 
650 0 |a Job creation. 
650 0 |a Unemployment. 
650 0 |a Public service employment. 
650 6 |a Indicateurs économiques. 
650 6 |a Création d'emplois. 
650 7 |a Public service employment  |2 fast 
650 7 |a Economic indicators  |2 fast 
650 7 |a Job creation  |2 fast 
650 7 |a Unemployment  |2 fast 
655 7 |a Television news programs  |2 fast 
655 7 |a Television news programs.  |2 lcgft 
655 7 |a Téléjournaux.  |2 rvmgf 
710 2 |a Bloomberg News (Firm)  |4 pro 
758 |i has work:  |a Is a Significant Drop in Unemployment on the Way? (MovingImage)  |1 https://id.oclc.org/worldcat/entity/E39PD3vm9wjdYwdVvY8K98KY8C  |4 https://id.oclc.org/worldcat/ontology/hasWork 
856 4 0 |u http://proxy.library.tamu.edu/login?url=https://www.aspresolver.com/aspresolver.asp?AVN2;2367922  |z Connect to this streaming video (Alexander Street Press)  |t 0 
955 |a Alexander Street Press subscription streaming video 
994 |a 92  |b TXA 
999 f f |s b47d1f67-6177-4605-a7d3-bd801eb590c2  |i b7220b46-1aff-4d88-90d1-e481f77fc59a  |t 0 
952 f f |a Texas A&M University  |b College Station  |c Electronic Resources  |d Available Online  |t 0  |e HF   |h Library of Congress classification 
998 f f |a HF   |t 0  |l Available Online